Statistics for Literal Movie Titles

Click here to take the quiz!

General Stats

  • This quiz has been taken 39 times
  • The average score is 7 of 13

Answer Stats

Answer% Correct
Spider-Man 2
94%
Halloween
87%
Lion King
65%
Raiders of the Lost Ark
65%
Green Mile
55%
Murder on the Orient Express
55%
Star Wars
52%
One Flew Over the Cuckoo's Nest
48%
Back to the Future
45%
Five Nights at Freddy's
45%
the Truman Show
45%
Sneakers
39%
The Dark Crystal
19%

Score Distribution

Percentile by Number Answered

Percent of People with Each Score

Your Score History

You have not taken this quiz